Sons of the Soil (Запис № 580659)

МАРК-запис
000 -Лідер
fixed length control field 00673 a2200217 4500
003 - Ідентифікатор контрольного номера
control field UA-OsUOA
005 - Дата та час останнього входження (трансакції)
control field 20260507140646.0
008 - Елементи даних фіксованої довжини – загальна інформація
fixed length control field 260507b un ||||| |||| 00| 0 ukr d
040 ## - Джерело каталогізації
Агенція оригінальної каталогізації UA-OsUOA
Мова каталогізації eng
Агенція, яка здійснювала перезапис UA-OsUOA
Агенція, яка здійснювала модифікацію UA-OsUOA
041 ## - Код мови
Код мови тексту/ звукової доріжки чи окремого заголовка (П) eng
080 ## - Індекс Універсальної десяткової класифікації
Індекс Універсальної десяткової класифікації (УДК) (НП) 82-94
090 ## - Локальний шифр розміщення
Класифікаційний індекс УДК 82-94
Авторський знак (НП) K48
100 ## - Основне введення – ім’я особи
Ім’я особи (НП) Kiriak I.
9 (RLIN) 25193
245 ## - Відомості про назву
Назва (НП) Sons of the Soil
260 ## - Публікація, розповсюдження і т.п. (Вихідні дані)
Дата публікації, розповсюдження і т.п. (П) 1983
Місце публікації, розповсюдження і т.п. (П) Winnipeg
Ім’я/ наймення видавництва, розповсюджувача і т.п. (П) St. Andrew`s College in Winnipeg
300 ## - Фізичний опис
Обсяг 303 p.
650 ## - Додаткове предметне введення – тематичний термін
Джерело заголовка чи терміна UDC
Тематичний термін чи географічна назва, як елемент введення (НП) 82 Література. Літературознавство
9 (RLIN) 15
942 ## - Додаткові елементи входу (Коха)
Тип елемента Koha Книги
Source of classification or shelving scheme Universal Decimal Classification
955 ## - Код типу видання за змістом
Код типу видання за змістом (НП) Літературно-художні видання
Фонди
Стан вилучень Стан втрат Джерело класифікації або схеми стелажів Стан уражень Не для кредиту Постійне місце розташування Поточне розміщення Дата придбання Джерело придбання Вартість, звичайна ціна покупки Інвентарний номер Усього замовленно Повний номер виклику Штрих-код Дата останнього перегляду Вартість, ціна заміни Ціна ефективна від Тип елемента Koha Примітка, призначена для загального доступу
    Universal Decimal Classification     Наукова бібліотека ІДУД Наукова бібліотека ІДУД 07/05/2026 №15/06.05.2026 (ІДУД) 1.00 300876   82-94 K48 300876 07/05/2026 1.00 07/05/2026 Книги Книгу отримано в дар від Романа Єринюка